| 000 | 00575nam a2200169Ia 4500 | ||
|---|---|---|---|
| 003 | OSt | ||
| 005 | 20201222131245.0 | ||
| 008 | 190216s9999||||xx |||||||||||||| ||und|| | ||
| 040 | _coclc | ||
| 082 |
_a297.1225 _bPRE/T |
||
| 100 |
_aPresidency Of Islamic Researches _97777 |
||
| 245 | 4 |
_aThe Holy Qur'an : _bEnglish Translation Of the Meanings And Commentary / _cPresidency Of Islamic Researches |
|
| 260 |
_bKing Fahd Qur`An Printing Complex, _aSaudi Arabia: |
||
| 300 | _a1258p | ||
| 650 | _aArabic | ||
| 942 |
_cBK _2ddc _h297.1225 _iPRE/T _k297.1225 _mPRE/T |
||
| 999 |
_c454 _d454 |
||